|
|
|
|
| LEADER |
00000nam a2200000 a 4500 |
| 001 |
vtls008323509 |
| 003 |
SK-MaSNL |
| 005 |
20260302074321.0 |
| 008 |
230403s1961 xo slo |
| 015 |
|
|
|a SNBA1961/09-01706
|
| 035 |
|
|
|a SK01SNK19610015726
|
| 035 |
|
|
|a urn:nbn:sk:snk-amtgdb
|
| 035 |
|
|
|a urn:nbn:sk:snk-am00c12u
|
| 035 |
|
|
|a 045245DC-C50E-4E03-BE82-9BD9A1B08984
|
| 035 |
|
|
|a SKM000018189
|
| 040 |
|
|
|a SNK
|b slo
|c SNK
|e AACR2
|
| 041 |
0 |
|
|a slo
|
| 044 |
|
|
|a xo
|
| 080 |
|
|
|a 657(075.4)
|2 1981
|
| 245 |
0 |
0 |
|a Účtovná evidencia 3. pre štúdium na stredných ekonomických školách popri zamestnaní
|
| 250 |
|
|
|a 2. vyd.
|
| 260 |
|
|
|a Bratislava
|b Slovenské pedagogické nakladateľstvo
|c 1961
|e Bratislava
|f Pravda
|
| 300 |
|
|
|a 146, [3] s., [1] tb. príl.
|c 8°
|
| 500 |
|
|
|a Ilustr. Pozn. Odkazy na lit. Tb. Graf.
|
| 563 |
|
|
|a 1500 výtl.
|
| 650 |
0 |
7 |
|a učebnice hosp. škôl
|2 SNKPH
|9 398468
|
| 650 |
0 |
7 |
|a účtovná evidencia
|2 SNKPH
|9 93911
|
| 655 |
|
7 |
|a učebnice
|2 SNKPH
|9 22521
|
| 852 |
|
|
|a Slovenská národná knižnica
|
| 954 |
|
|
|a odborná, vedecká literatúra pôvodná (slovenská)
|2 lita
|
| 958 |
|
|
|a OND
|
| 958 |
|
|
|a TL
|
| 958 |
|
|
|a UC
|
| 958 |
|
|
|a RK
|
| 958 |
|
|
|a EUIPO
|
| 999 |
|
|
|c 1164567
|d 1166497
|
| 952 |
|
|
|a SNK
|b SNK
|y PREZ
|7 0
|p 17A0709176
|o snkSD 20661/3
|i snkKSP 4942/61
|0 0
|1 0
|4 0
|d 2011-08-30
|f 1
|l 0
|r 2025-12-04 00:00:00
|w 2026-02-24
|